000 00638nam a2200217 u 4500
005 20210223130356.0
008 080219s2006 r 000 0 eng d
020 _a8423674223
035 _aUPN01000154303
049 _aCG
050 4 _aPS2383
_bM6.3d
100 1 _aMelville, Herman,
_d1819-1891
_929256
245 1 0 _aMoby Dick /
_cHerman Melville ; tr. Anna Gasol.
260 _aBarcelona, Esp. :
_bEdebé,
_c2006.
300 _a514 p.
440 0 _aNómadas del tiempo ;
_v20
650 4 _aPESCA DE BALLENAS -
_vNOVELA
_98940
650 4 _aBALLENAS -
_vLITERATURA JUVENIL
_98652
650 4 _aCUENTOS DE MAR
_98752
905 _aLibro
999 _c126420
_d126420